Statistiken für Bekannteste Sehenswürdigkeiten der Schweiz

Klicken Sie hier um das Quiz zu spielen!

Allgemein

  • Dieses Quiz wurde 140 mal gespielt
  • Das Durchschnittsergebnis liegt bei 7 aus 18

Antwortstatistiken

Antwort% Korrekt
Matterhorn
100%
Rheinfall
84%
Bundeshaus
65%
Grosser Aletschgletscher
55%
Jungfraujoch
45%
Zytglogge
43%
Kapellbrücke
41%
Schloss Chillon
41%
Löwendenkmal Luzern
39%
Grossmünster Zürich
31%
Die Drei Burgen von Bellinzona
28%
Jet d'Eau
27%
Landwasserviadukt
26%
Stiftsbibliothek St. Gallen
26%
Creux du Van
25%
Oeschinensee
24%
Basler Münster
23%
Ponte dei Salti (Verzascatal)
17%

Verteilung der Resultate

Perzentil nach korrekt beantworteten Fragen

Anzahl Personen mit jedem Resultat

Ihre Resultats-Entwicklung

Sie haben dieses Quiz noch nicht gespielt